Wszystkie gry Reksia - Statystyki

Ogólne statystyki
  • Ten quiz został rozwiązany 27 razy
  • Średni wynik to 8 z 15
Statystyki odpowiedzi
Odpowiedź % Poprawnych
Reksio i Skarb Piratów
95%
Reksio i Ufo
95%
Reksio i Czarodzieje
85%
Reksio i Wehikuł Czasu
80%
Reksio i Kapitan Nemo
75%
Reksio i Miasto Sekretów
65%
Reksio i Kretes w Akcji
60%
Reksio i Kretes: Tajemnica Trzeciego Wymiaru
55%
Reksio i Ortografia
50%
Liczę z Reksiem
40%
ABC z Reksiem
30%
Przedszkole Reksia
15%
Reksio i Zwierzęta
15%
Łamigłówki Reksia: Wielki Odkrywca
10%
Reksio i Przyjaciele
10%
Nie znaleziono quizów pasujących do podanych kryteriów
Rozkład punktacji
Procent ludzi z każdym wynikiem
Percentyl według liczby udzielonych odpowiedzi
Twoja historia wyników
Nie rozwiązałeś tego quizu